Notes on reproduction of a tropical Pulmonate limpet, Siphonaria gigas (<Sowerby>) (Registro nro. 11024)

Detalles MARC
000 -CABECERA
Campo de control 005140000a22001690004500
090 ## - CLASIFICACIÓN LOCAL
Colección AR
Consecutivo 01947
041 0# - IDIOMA
Código de idioma para texto/pista de sonido o título separado
100 1# - ASIENTO PRINCIPAL--NOMBRE PERSONAL
Nombre personal Levings, Sally C.
245 10 - MENCION DE TITULO
Título Notes on reproduction of a tropical Pulmonate limpet, Siphonaria gigas (<Sowerby>)
650 14 - ASIENTO SECUNDARIO DE MATERIA - TERMINO TEMATICO
Término temático o nombre geográfico como elemento de entrada Moluscos
650 14 - ASIENTO SECUNDARIO DE MATERIA - TERMINO TEMATICO
Término temático o nombre geográfico como elemento de entrada Reproducción animal
651 #4 - ASIENTO SECUNDARIO DE MATERIA - NOMBRE GEOGRAFICO
-- Panamá
653 ## - TERMINO DE INDIZACION - NO CONTROLADO
-- Siphonaria
-- Siphonaria gigas
700 1# - ASIENTO SECUNDARIO - NOMBRE PERSONAL
Nombre personal Garrity, Stephen D.
773 1# - Item fuente:
Título Veliger
Especificación de materiales 651
Descripción física 1
Paginas del Articulo 86-90
Lugar, editorial y fecha de publicación 1986
Información sobre la relación 29
942 ## - ELEMENTOS ADICIONALES (KOHA)
Tipo de ítem Artículo
Existencias
Withdrawn status Lost status Damaged status No para préstamo Colección Ubicación Permanente Ubicación actual Fecha de adquisición Fuente de Valor Datos de publicación Seriada Total Checkouts Número topográfico Inventario / Código de Barras Date last seen Ejemplar Price effective from Forma de adquisición Tipo de material
      No para Préstamo Hemeroteca Bogotá Bogotá 27/02/2015 Instituto de Ciencias Naturales Fuera de circulación   AR 01947 012319 25/03/2015 1 25/03/2015   Artículo